ბათუმის შოთა რუსთაველის სახელმწიფო უნივერსიტეტის ბიბლიოთეკა

გენეტიკურად მოდიფიცირებული მცენარეების გამოყენება სოფლის მეურნეობაში (ბიბ.ჩანაწერი № 50764)

000 -LEADER
fixed length control field 00916nam a2200217Ia 4500
001 - CONTROL NUMBER
control field 17716
003 - CONTROL NUMBER IDENTIFIER
control field GE_BSU
008 - FIXED-LENGTH DATA ELEMENTS--GENERAL INFORMATION
fixed length control field 181216s||||||||xx |||||||||||||| ||und||
020 ## - INTERNATIONAL STANDARD BOOK NUMBER
International Standard Book Number 5505016819
040 ## - CATALOGING SOURCE
Transcribing agency GE_BSU
080 ## - UNIVERSAL DECIMAL CLASSIFICATION NUMBER
Universal Decimal Classification number 633.2:635.1
100 ## - MAIN ENTRY--PERSONAL NAME
Personal name ქობალია, ვახტანგ
245 ## - TITLE STATEMENT
Title გენეტიკურად მოდიფიცირებული მცენარეების გამოყენება სოფლის მეურნეობაში
245 ## - TITLE STATEMENT
Statement of responsibility, etc. რედ.: ტ.ჯობავა
260 ## - PUBLICATION, DISTRIBUTION, ETC.
Place of publication, distribution, etc. ქუთაისი
260 ## - PUBLICATION, DISTRIBUTION, ETC.
Date of publication, distribution, etc. 2013
300 ## - PHYSICAL DESCRIPTION
Extent 40გვ.21სმ.ილ.
300 ## - PHYSICAL DESCRIPTION
Accompanying material ბიბლ.გვ.37
653 ## - INDEX TERM--UNCONTROLLED
Uncontrolled term გენეტიკურად მოდიფიცირებული მცენარეების გამოყენება სოფლის მეურნეობაში
942 ## - ADDED ENTRY ELEMENTS (KOHA)
Koha item type წიგნი
ეგზემპლარები
Withdrawn status Lost status Damaged status Not for loan Date acquired Barcode Date last seen Price effective from Koha item type
        2018-12-17 41574 2018-12-17 2018-12-17 წიგნი
        2018-12-17 41573 2018-12-17 2018-12-17 წიგნი